书目信息 |
| 题名: |
数字通信原理
|
|
| 作者: | 周冬梅 主编 | |
| 分册: | ||
| 出版信息: | 北京 电子工业出版社 2016.5 |
|
| 页数: | 273页 | |
| 开本: | 26cm | |
| 丛书名: | ||
| 单 册: | ||
| 中图分类: | TN914.3 | |
| 科图分类: | ||
| 主题词: | 数字通信--高等教育--教材 | |
| 电子资源: | ||
| ISBN: | 978-7-121-23385-2 | |
| 000 | 00868nam0 2200253 450 | |
| 001 | 0400005492 | |
| 005 | 20171113092022.46 | |
| 010 | @a978-7-121-23385-2@dCNY39.80 | |
| 100 | @a20160826d2016 em y0chiy50 ea | |
| 101 | 0 | @achi |
| 102 | @aCN@b110000 | |
| 105 | @aa z 000yy | |
| 106 | @ar | |
| 200 | 1 | @a数字通信原理@Ashu zi tong xin yuan li@f周冬梅主编 |
| 205 | @a第2版 | |
| 210 | @a北京@c电子工业出版社@d2016.5 | |
| 215 | @a273页@c图@d26cm | |
| 300 | @a普通高等教育“十三五”规划教材 电子信息科学与工程类专业规划教材 | |
| 330 | @a本书共11章,主要内容包括数字通信系统的基本概念、通信信道、随机信号分析、模拟调制技术、信源编码、多路复用与多址技术、数字信号的基带传输等。 | |
| 606 | 0 | @a数字通信@x高等教育@j教材 |
| 690 | @aTN914.3@v5 | |
| 701 | 0 | @a周冬梅@Azhou dong mei@4主编 |
| 801 | 0 | @aCN@b上海新华@c20171029 |
| 905 | @b1028489-93@dTN914.3@e179=2@f5 | |
| 数字通信原理/周冬梅主编.-第2版.-北京:电子工业出版社,2016.5 |
| 273页:图;26cm |
| 普通高等教育“十三五”规划教材 电子信息科学与工程类专业规划教材 |
| ISBN 978-7-121-23385-2:CNY39.80 |
| 本书共11章,主要内容包括数字通信系统的基本概念、通信信道、随机信号分析、模拟调制技术、信源编码、多路复用与多址技术、数字信号的基带传输等。 |
| ● |
| 相关链接 |
|
|
|
|
正题名:数字通信原理
索取号:TN914.3/179=2
 
预约/预借
| 序号 | 登录号 | 条形码 | 馆藏地/架位号 | 状态 | 备注 |
| 1 | 1028489 | 210284896 | 第二样本阅览室/ [索取号:TN914.3/179=2] | 在馆 | |
| 2 | 1028490 | 210284903 | 密集书库-物理学院/ [索取号:TN914.3/179=2] | 在馆 | |
| 3 | 1028491 | 210284912 | 第三借阅区/ [索取号:TN914.3/179=2] | 在馆 | |
| 4 | 1028492 | 210284921 | 第三借阅区/ [索取号:TN914.3/179=2] | 在馆 | |
| 5 | 1028493 | 210284930 | 第三借阅区/ [索取号:TN914.3/179=2] | 在馆 |